000
00297nam a2200133Ia 4500
008
190216s9999||||xx |||||||||||||| ||und||
100
_a
Hadley G
245
0
_a
Linear Programming
250
_a
FIRST
260
_b
Narosa Pubs House
_c
1995
300
_a
520
650
_a
Mathematics
942
_c
BK
999
_c
31106
_d
31106